00553nam a2200181 a 450000100060000000300080000600500170001400800410003103500190007204000310009104100080012208200240013010000300015424500790018426000450026330000260030860000370033464415BD-RjUL20211209081315.0170214s1962 enk 000 0 eng d a(BD-RjUL)64545 aOUNdBD-RjULbengcBD-RjUL aeng 223a821.7bCLR 19621 aClarke, Colinq(Colin C.)10aRomantic paradox :ban essay on the poetry of Wordsworth /cby C.C. Clarke aLondon :bRoutledge & Kegan Paul,c1962. avii, 101 p. ;c20 cm.10aWordsworth, William,d1770-1850.